Statistics for Counties of New York - Map Quiz

Click here to take the quiz!

General Stats

  • This quiz has been taken 877 times
  • The average score is 22 of 62

Answers on the Map

Answers color-coded by a green-red scale on the quiz's map according to % correct below.
Loading ...
 

Answer Stats

Answer% Correct
Queens
71%
New York
71%
Bronx
71%
Suffolk
69%
Nassau
69%
Kings
65%
Westchester
64%
Richmond
57%
Albany
57%
Niagara
51%
Rockland
50%
Erie
49%
Putnam
46%
St. Lawrence
45%
Orange
44%
Dutchess
42%
Ulster
37%
Rensselaer
37%
Schenectady
37%
Saratoga
37%
Broome
36%
Herkimer
36%
Delaware
35%
Sullivan
35%
Clinton
35%
Chautauqua
35%
Columbia
34%
Washington
33%
Essex
32%
Allegany
32%
Monroe
31%
Cattaraugus
31%
Onondaga
31%
Oswego
30%
Cayuga
30%
Cortland
29%
Lewis
29%
Oneida
29%
Seneca
29%
Tompkins
29%
Hamilton
29%
Greene
28%
Warren
27%
Franklin
27%
Chemung
27%
Genesee
27%
Jefferson
27%
Tioga
26%
Wyoming
25%
Steuben
25%
Schoharie
24%
Ontario
24%
Fulton
23%
Montgomery
23%
Orleans
23%
Yates
22%
Chenango
22%
Wayne
20%
Livingston
20%
Otsego
19%
Madison
18%
Schuyler
18%

Score Distribution

Percentile by Number Answered

Percent of People with Each Score

Your Score History

You have not taken this quiz